Техническая эффективность автоматики контроля синхронного режима генератора; Современные техника и технологии; Т. 1

Podrobná bibliografie
Parent link:Современные техника и технологии: 12-я международная научно-практическая конференция студентов, аспирантов и молодых ученых, г. Томск, 27 марта - 31 марта 2006 г./ Томский политехнический университет.— , 2006
Т. 1.— 2006.— С. 49-51
Hlavní autor: Панкратова О. Л.
Jazyk:ruština
Vydáno: 2006
Témata:
Médium: MixedMaterials Kapitola
KOHA link:https://koha.lib.tpu.ru/cgi-bin/koha/opac-detail.pl?biblionumber=113028

MARC

LEADER 00000naa2a2200000 4500
001 113028
005 20231031121712.0
035 |a (RuTPU)RU\TPU\book\122252 
090 |a 113028 
100 |a 20070405d2006 k y0rusy50 ca 
101 0 |a rus 
102 |a RU 
200 1 |a Техническая эффективность автоматики контроля синхронного режима генератора  |f О. Л. Панкратова 
320 |a Библиогр.: 3 назв. 
461 1 |0 (RuTPU)RU\TPU\book\111998  |t Современные техника и технологии  |o 12-я международная научно-практическая конференция студентов, аспирантов и молодых ученых, г. Томск, 27 марта - 31 марта 2006 г.  |o труды в 2 т.  |f Томский политехнический университет  |d 2006 
463 0 |0 (RuTPU)RU\TPU\book\111471  |t Т. 1  |v С. 49-51  |d 2006  |p 524 с. 
610 1 |a генераторы 
610 1 |a синхронный режим 
610 1 |a техническая эффективность 
610 1 |a автоматика 
610 1 |a контроль 
610 1 |a труды учёных ТПУ 
700 1 |a Панкратова  |b О. Л. 
801 1 |a RU  |b 63413507  |c 20070405  |g PSBO 
801 2 |a RU  |b 63413507  |c 20070515  |g PSBO 
942 |c BK